000 00656nam a2200205Ia 4500
003 GCL
008 140319s9999 xx 000 0 ara d
020 _ax061409977
040 _aGCL /
_cGCL
082 0 4 _a214.577
_bع ر
100 1 _aعبدالله شحاتة
245 1 0 _aرؤية الدين الاسلامى في الحفاظ على البيئة /
_cعبدالله شحاتة
260 _aالقاهرة :
_bدار الشروق ،
_c2001
300 _a159 W ؛
_c22 سم
490 _aالنشرات الاسلامية
_v0
650 0 4 _aالبيئة
650 0 4 _aالاسلام
650 0 4 _aالبيئة والانسان
942 _2ddc
_cBK
999 _c43406
_d43406